The Life of Stephen of Mar Sabas /

محفوظ في:

المؤلف الرئيسي: Leontius, of Damascus, active 8th century-9th century (مؤلف)

مؤلفون آخرون: Lamoreaux, John C.

التنسيق: كتاب

اللغة: English
Arabic

منشور في: Louvain : Peeters, 1999.

سلاسل: Corpus scriptorum Christianorum Orientalium. Scriptores Arabici ; 50-51.
CSCO. SA ; 50-51.

الموضوعات:

الوسوم: إضافة وسم

لا توجد وسوم, كن أول من يضع وسما على هذه التسجيلة!

رقم الطلب: BX100 .C8 A8 v.50-51

LEADER 01217namaa2200313 4500
003 OSt
005 20251020081257.0
008 130303s1999 be b 001 0 eng d
020 |a 9042906901   |q (v. 50) 
020 |a 904290691x   |q (v. 51) 
040 |c ARCE Library 
041 0 |a eng  |a ara 
043 |a a-is--- 
050 0 4 |a BX100 .C8 A8 v.50-51 
100 1 |a Leontius,  |c of Damascus,  |d active 8th century-9th century,  |e author  |9 34669 
245 1 4 |a The Life of Stephen of Mar Sabas /   |c edited [and translated] by John C. Lamoreaux. 
264 1 |a Louvain :  |b Peeters,  |c 1999. 
300 |a 2 volumes ;  |c 25 cm. 
490 0 |a Corpus scriptorum Christianorum Orientalium. Scriptores Arabici ;  |v 50-51. 
490 0 |a CSCO. SA ;   |v 50-51. 
500 |a "Leontius of Damascus Composed his life of Stephen of Mar Sabas (d. 794) in the early ninth century"--vol. 578, p. [vii] 
504 |a Includes bibliographical references and index.  
546 |a Arabic text with English translation; introduction in English. 
600 0 0 |a Stephen,  |c of Mar Sabas, Saint,  |d 725-794. 
650 0 |a Christian saints  |z Palestine  |v Biography. 
700 1 |a Lamoreaux, John C.  |9 34392 
901 |a reviewed 
942 |c BK  |2 lcc 
999 |c 7401  |d 7401